|
|
|
|
| LEADER |
02444nam a22005295i 4500 |
| 001 |
978-3-642-29788-5 |
| 003 |
DE-He213 |
| 005 |
20151204154441.0 |
| 007 |
cr nn 008mamaa |
| 008 |
120418s2012 gw | s |||| 0|eng d |
| 020 |
|
|
|a 9783642297885
|9 978-3-642-29788-5
|
| 024 |
7 |
|
|a 10.1007/978-3-642-29788-5
|2 doi
|
| 040 |
|
|
|d GrThAP
|
| 050 |
|
4 |
|a HF54.5-54.56
|
| 072 |
|
7 |
|a KJQ
|2 bicssc
|
| 072 |
|
7 |
|a UF
|2 bicssc
|
| 072 |
|
7 |
|a BUS083000
|2 bisacsh
|
| 072 |
|
7 |
|a COM039000
|2 bisacsh
|
| 082 |
0 |
4 |
|a 650
|2 23
|
| 082 |
0 |
4 |
|a 658.05
|2 23
|
| 245 |
1 |
0 |
|a Business Modeling and Software Design
|h [electronic resource] :
|b First International Symposium, BMSD 2011, Sofia, Bulgaria, July 27-28, 2011, Revised Selected Papers /
|c edited by Boris Shishkov.
|
| 264 |
|
1 |
|a Berlin, Heidelberg :
|b Springer Berlin Heidelberg,
|c 2012.
|
| 300 |
|
|
|a XI, 147 p. 26 illus.
|b online resource.
|
| 336 |
|
|
|a text
|b txt
|2 rdacontent
|
| 337 |
|
|
|a computer
|b c
|2 rdamedia
|
| 338 |
|
|
|a online resource
|b cr
|2 rdacarrier
|
| 347 |
|
|
|a text file
|b PDF
|2 rda
|
| 490 |
1 |
|
|a Lecture Notes in Business Information Processing,
|x 1865-1348 ;
|v 109
|
| 520 |
|
|
|a This book contains the extended and revised versions of eight of the ten full papers (out of 58 submissions) presented at the First International Symposium on Business Modeling and Software Design (BMSD 2011), held in Sofia, Bulgaria. The theme of BMSD 2011 was "Business Models and Advanced Software Systems," and the related scientific areas of interest were: business models and requirements, business models and services, business models and software, and information systems architecture.
|
| 650 |
|
0 |
|a Business.
|
| 650 |
|
0 |
|a Information technology.
|
| 650 |
|
0 |
|a Business
|x Data processing.
|
| 650 |
|
0 |
|a Software engineering.
|
| 650 |
|
0 |
|a Application software.
|
| 650 |
1 |
4 |
|a Business and Management.
|
| 650 |
2 |
4 |
|a IT in Business.
|
| 650 |
2 |
4 |
|a Information Systems Applications (incl. Internet).
|
| 650 |
2 |
4 |
|a Computer Appl. in Administrative Data Processing.
|
| 650 |
2 |
4 |
|a Software Engineering.
|
| 700 |
1 |
|
|a Shishkov, Boris.
|e editor.
|
| 710 |
2 |
|
|a SpringerLink (Online service)
|
| 773 |
0 |
|
|t Springer eBooks
|
| 776 |
0 |
8 |
|i Printed edition:
|z 9783642297878
|
| 830 |
|
0 |
|a Lecture Notes in Business Information Processing,
|x 1865-1348 ;
|v 109
|
| 856 |
4 |
0 |
|u http://dx.doi.org/10.1007/978-3-642-29788-5
|z Full Text via HEAL-Link
|
| 912 |
|
|
|a ZDB-2-SCS
|
| 950 |
|
|
|a Computer Science (Springer-11645)
|